Central Library OPAC University of Rajshahi

Soil management in India / (Record no. 74749)

MARC details
000 -LEADER
fixed length control field 00784cam a2200277 i 4500
001 - CONTROL NUMBER
control field 74749
003 - CONTROL NUMBER IDENTIFIER
rucl marc code BD-RjUL
005 - DATE AND TIME OF LATEST TRANSACTION
control field 20211209082609.0
008 - FIXED-LENGTH DATA ELEMENTS--GENERAL INFORMATION
fixed length control field 920626s1962 xx 00000 eng d
035 ## - SYSTEM CONTROL NUMBER
System control number (BD-RjUL)
System control number 1335099
040 ## - CATALOGING SOURCE
Original cataloging agency ANL
Language of cataloging eng
Modifying agency ANL
Transcribing agency BD-RjUL
041 ## - LANGUAGE CODE
Language code of text/sound track or separate title eng
082 ## - DEWEY DECIMAL CLASSIFICATION NUMBER
Classification number 631.40954
Author mark and year ARS 1962
Edition number 23
100 1# - MAIN ENTRY--PERSONAL NAME
Personal name Arakeri, H. R.
9 (RLIN) 225379
245 10 - TITLE STATEMENT
Title Soil management in India /
Statement of responsibility, etc. <by> H. R. Arakeri and others ; With bibl. notes.
250 ## - EDITION STATEMENT
Edition statement 2nd rev. ed.
260 ## - PUBLICATION, DISTRIBUTION, ETC. (IMPRINT)
Place of publication, distribution, etc. london :
Name of publisher, distributor, etc. Asia Pub. House,
Date of publication, distribution, etc. 1962.
300 ## - PHYSICAL DESCRIPTION
Pagination 609 p :
Illustrations Illus., tables ;
Size 21 1/2 cm.
650 #0 - SUBJECT ADDED ENTRY--TOPICAL TERM
Topical term or geographic name as entry element Soils
Geographic subdivision India.
9 (RLIN) 225380
700 ## - ADDED ENTRY--PERSONAL NAME
Personal name Chalam, G.V.
Personal name Satyanarayana, P.
942 ## - ADDED ENTRY ELEMENTS (KOHA)
Source of classification or shelving scheme Dewey Decimal Classification
Koha item type Books
Holdings
Lost status Source of classification or shelving scheme Damaged status Not for loan Collection code Permanent Location Current Location Shelving location Date acquired Source of acquisition Total Checkouts Full call number Date last seen Copy number Koha item type
  Dewey Decimal Classification   Not For Loan Non-fiction Central Library, University of Rajshahi Central Library, University of Rajshahi Reading Room 28/11/2018 Zeitlinger   631.40954 ARS 1962 28/11/2018 C-1 Books